000 01177nam a2200277 i 4500
001 151893
003 ES-MaACL
005 20251015063135.0
008 051007s1894 sp | |||||||| ||spa d
040 _aCAM
_bspa
_cCAM
080 _a908(460.27)
080 _a908(468.2)
100 1 _aBentabol y Ureta, Horacio,
_d1854-1928
_927784
245 1 0 _aPresente y porvenir de Ceuta y Gibraltar
_b: estudio y descripción comparada de ambas plazas consideradas bajo sus diferentes aspectos /
_cpor Horacio Bentabol y Ureta.
260 _aMadrid :
_b[s.n.],
_c1894 (
_fImprenta de la "Revista de Navegación y Comercio")
300 _a36 p. ;
_c20 cm.
490 1 _aPublicaciones de La naturaleza
530 _aDisponible en formato digital.
651 4 _aCeuta-
_xDescripción.
_9137091
651 4 _aGibraltar-
_xDescripción.
_9147749
830 0 0 _aPublicaciones de la naturaleza
_9221275
852 _aES-MaACL
_jFol-Laf-385
_z-- Rúst.
_z-- Legado de Modesto de la Fuente
852 _aES-MaACL
_jT-880-F-2
_z.- Ded. ms. del autor
856 _uhttp://bdh-rd.bne.es/viewer.vm?id=0000048059&page=1
_zBiblioteca Digital Hispánica
999 _c151893
_d151893